000
00199 a2200097 4500
001
29710
100
_a
Hardy
245
_a
High frequency design
260
_a
_b
Reston
_c
1979
090
_c
19730
_d
19730
942
_a
NUST-CAE
_c
M
_c
10814
999
_c
264783
_d
264783